000 00610nam a2200193 i 4500
001 94361
003 ES-MaACL
005 20231227144947.0
007 t|
008 050428s1955 sp ||||1| spa d
080 _a86-14"19"
100 1 _aLorente Martínez-Pontremuli, Rafael.
_974117
245 1 0 _aCantos nómadas /
_cRafael Lorente Martínez-Pontrémuli Rafael ; epílogo de Enrique Tierno Galván.
260 _aMadrid :
_b[s.n.],
_c1955 (
_fImp. Sáez)
300 _a70 p. ;
_c20 cm.
700 1 _aTierno Galván, Enrique,
_d1918-1986
_9110235
852 4 _aES-MaACL
_jC-9629
999 _c94361
_d94361